Loading...
| Literature - World | 0 | 5 | 0 | 1 | 50 | 55 | 90.40 | 1 | 2 | 0.00 | 0.00 |
| Fine Arts - Painting and Sculpture | 0 | 4 | 0 | 0 | 40 | 47 | 69.00 | 1 | 3 | 0.00 | 0.00 |
| Science - Physics | 0 | 4 | 1 | 2 | 35 | 70 | 92.50 | 0 | 0 | 0.00 | 0.00 |
| Literature - American | 0 | 4 | 1 | 0 | 35 | 35 | 64.25 | 2 | 3 | 0.00 | 0.00 |
| Science - Biology | 0 | 4 | 1 | 1 | 35 | 50 | 71.75 | 0 | 1 | 0.00 | 0.00 |
| History - European | 0 | 3 | 0 | 0 | 30 | 13 | 29.33 | 1 | 3 | 0.00 | 0.00 |
| History - American | 0 | 2 | 0 | 0 | 20 | 35 | 37.50 | 1 | 2 | 0.00 | 0.00 |
| Literature - British | 0 | 2 | 0 | 0 | 20 | 74 | 76.50 | 0 | 1 | 0.00 | 0.00 |
| Literature - European | 0 | 2 | 0 | 0 | 20 | 61 | 85.50 | 1 | 1 | 0.00 | 0.00 |
| Geography | 0 | 2 | 0 | 0 | 20 | 35 | 53.50 | 1 | 1 | 0.00 | 0.00 |
| Science - Other | 0 | 2 | 1 | 1 | 15 | 12 | 57.50 | 1 | 1 | 0.00 | 0.00 |
| Fine Arts - Other | 0 | 1 | 0 | 0 | 10 | 83 | 83.00 | 0 | 0 | 0.00 | 0.00 |
| Mythology | 0 | 1 | 0 | 1 | 10 | 108 | 108.00 | 0 | 0 | 0.00 | 0.00 |
| History - Other | 0 | 1 | 0 | 0 | 10 | 13 | 13.00 | 1 | 1 | 0.00 | 0.00 |
| History - World | 0 | 1 | 0 | 0 | 10 | 21 | 21.00 | 0 | 0 | 0.00 | 0.00 |
| Science - Chemistry | 0 | 2 | 2 | 0 | 10 | 35 | 54.00 | 1 | 1 | 0.00 | 0.00 |
| Current Events | 0 | 1 | 0 | 0 | 10 | 77 | 77.00 | 0 | 0 | 0.00 | 0.00 |